000 00615nam a2200265Ia 4500
005 20260306163658.0
008 008 260114s9999 xx 000 0 eng d
020 _a9780252096044
037 _aEBOOK
040 _aCRL
040 _beng
040 _cCRL
041 _2eng
041 _aeng
084 _qCRL
100 _aParry-giles
_91129141
245 0 _aHillary Clinton In The News
260 _bUniversity of Illinois Press
260 _c2017
650 _aSocial Work
856 _uhttps://academic.oup.com/book/30362
942 _cEBOOK
999 _c1711055
_d1711055